000 01024nam a2200277Ia 4500
003 OSt
005 20220923211435.0
006 a|||||r|||| 00| 0
007 ta
008 220922b |||||||| |||| 00| 0 hin d
020 _a9789350002209 (hbk)
_c1990
024 _a283,937
037 _b321, 10/01/2015, Vani Prakashan
_cTextual
040 _aARTS
_cARTS
_bhin
041 _2hin
_ahin
082 _aO152,3M80:g, Q0
100 _aधर्मवीर
_9156280
245 0 _aप्रेमचंद की नीली ऑंखें
246 _aPremachanda kī nīlī ऑankhean
260 _aनयी दिल्ली
_b वाणी प्रकाशन
_c2010
300 _a758पृ.
_ccm.
490 _aमातृसत्ता, पितृसत्ता और जारसत्ता
650 _aहिन्दी साहित्य
_9156264
942 _hO152,3M80:g, Q0
_cTEXL
_2CC
999 _c299556
_d299556